[Event "S10 a S14"]
[Site "Cambrils"]
[Date "2023.04.04"]
[Round "6.1"]
[White "Villa Tornero, Alex"]
[Black "Salinas Tomas, Daniel"]
[Result "1/2-1/2"]
[TimeControl "90'+30\""]
[WhiteFideId "54501091"]
[BlackFideId "24597716"]
[WhiteElo "2216"]
[BlackElo "2149"]

1. e4 {[%emt 00:00:03]} c5 {[%emt 00:00:06]} 2. Nf3 {[%emt 00:00:09]} d6 {[%emt
00:00:11]} 3. c3 {[%emt 00:05:32]} Nf6 {[%emt 00:00:37]} 4. Be2 {[%emt
00:00:07]} Nbd7 {[%emt 00:00:23]} 5. Qc2 {[%emt 00:01:49]} b6 {[%emt 00:04:00]}
6. d4 {[%emt 00:04:50]} Qc7 {[%emt 00:03:00]} 7. d5 {[%emt 00:01:44]} g6 {[%emt
00:02:00]} 8. h3 {[%emt 00:01:26]} Bg7 {[%emt 00:01:11]} 9. Bf4 {[%emt
00:06:22]} O-O {[%emt 00:12:02]} 10. Nbd2 {[%emt 00:01:10]} Bb7 {[%emt
00:10:06]} 11. O-O-O {[%emt 00:04:47]} b5 {[%emt 00:03:24]} 12. Bxb5 {[%emt
00:02:53]} Rab8 {[%emt 00:06:53]} 13. Rhe1 {[%emt 00:14:24]} c4 {[%emt
00:07:52]} 14. Nd4 {[%emt 00:07:49]} Rfc8 {[%emt 00:02:14]} 15. Nxc4 {[%emt
00:06:32]} a6 {[%emt 00:02:05]} 16. Bc6 {[%emt 00:01:42]} Nh5 {[%emt 00:01:27]}
17. Bxd7 {[%emt 00:06:56]} Qxd7 {[%emt 00:01:40]} 18. Nb6 {[%emt 00:02:16]} Qc7
{[%emt 00:00:11]} 19. Nxc8 {[%emt 00:01:50]} Nxf4 {[%emt 00:00:53]} 20. Na7
{[%emt 00:00:49]} Nxg2 {[%emt 00:02:17]} 21. Rg1 {[%emt 00:01:20]} Nf4 {[%emt
00:00:33]} 22. Nac6 {[%emt 00:01:30]} Rc8 {[%emt 00:04:28]} 23. Qd2 {[%emt
00:01:48]} e5 {[%emt 00:04:58]} 24. Ne2 {[%emt 00:02:04]} Bxc6 {[%emt
00:01:19]} 25. dxc6 {[%emt 00:01:16]} Qxc6 {[%emt 00:02:28]} 26. Nxf4 {[%emt
00:00:31]} Bh6 {[%emt 00:06:33]} 27. Qd5 {[%emt 00:01:11]} Qb6 {[%emt
00:00:50]} 28. Kb1 {[%emt 00:00:48]} Bxf4 {[%emt 00:00:49]} 29. Qxd6 {[%emt
00:00:03]} Qxf2 {[%emt 00:05:48]} 30. Rgf1 Qg2 {[%emt 00:04:11]} 31. Qxa6
{[%emt 00:02:17]} Qxe4+ {[%emt 00:00:20]} 32. Qd3 {[%emt 00:02:36]} Qc6 {[%emt
00:01:46]} 33. Qd5 {[%emt 00:00:21]} Qb6 {[%emt 00:01:08]} 34. Qb3 {[%emt
00:00:49]} Qf6 {[%emt 00:00:15]} 35. Qb7 {[%emt 00:01:46]} Re8 {[%emt
00:00:17]} 36. Qd7 {[%emt 00:00:20]} Re7 {[%emt 00:02:30]} 37. Qd8+ {[%emt
00:00:47]} Kg7 {[%emt 00:00:02]} 38. Ka1 {[%emt 00:03:01]} Qe6 {[%emt
00:07:29]} 39. Qd3 {[%emt 00:00:43]} g5 {[%emt 00:01:51]} 40. Rg1 {[%emt
00:01:00]} e4 {[%emt 00:04:56]} 1/2-1/2

[Event "S10 a S14"]
[Site "Cambrils"]
[Date "2023.04.04"]
[Round "6.2"]
[White "Mompel Ferruz, Xavier"]
[Black "Montes Molina, Ivan"]
[Result "1-0"]
[TimeControl "90'+30\""]
[WhiteFideId "54585775"]
[WhiteElo "2195"]
[BlackElo "1877"]

1. e4 {[%clk 01:30:58]} {[%emt 00:02:09]} e6 {[%clk 01:30:44]} {[%emt
00:00:17]} 2. d4 {[%clk 01:31:22]} {[%emt 00:00:05]} d5 {[%clk 01:31:09]}
{[%emt 00:00:05]} 3. Nc3 {[%emt 00:00:54]} Bb4 {[%emt 00:00:05]} 4. e5 {[%emt
00:00:18]} c5 {[%emt 00:00:14]} 5. a3 {[%clk 01:32:21]} Bxc3+ {[%clk 01:31:01]}
{[%emt 00:00:38]} 6. bxc3 {[%clk 01:32:45]} {[%emt 00:00:06]} Ne7 {[%clk
01:31:24]} {[%emt 00:00:07]} 7. Qg4 {[%clk 01:32:25]} {[%emt 00:00:49]} Qc7
{[%clk 01:31:18]} {[%emt 00:00:37]} 8. Qxg7 {[%clk 01:32:35]} {[%emt 00:00:20]}
Rg8 {[%clk 01:31:42]} {[%emt 00:00:06]} 9. Qxh7 {[%clk 01:32:58]} {[%emt
00:00:08]} cxd4 {[%clk 01:32:00]} {[%emt 00:00:12]} 10. Ne2 {[%clk 01:32:39]}
{[%emt 00:00:48]} Nbc6 {[%clk 01:31:53]} {[%emt 00:00:38]} 11. f4 {[%clk
01:32:17]} {[%emt 00:00:52]} Bd7 {[%clk 01:32:14]} {[%emt 00:00:09]} 12. Qd3
{[%clk 01:30:00]} {[%emt 00:02:46]} dxc3 {[%emt 00:00:21]} 13. Qxc3 {[%emt
00:00:48]} Nf5 {[%emt 00:01:43]} 14. Ng3 {[%emt 00:07:19]} d4 {[%emt 00:15:44]}
15. Qd3 {[%emt 00:01:22]} Nxg3 {[%clk 01:20:21]} {[%emt 00:00:11]} 16. hxg3
{[%clk 01:18:24]} {[%emt 00:00:04]} O-O-O {[%clk 01:19:07]} {[%emt 00:08:20]}
17. Be2 {[%emt 00:11:30]} Ne7 {[%emt 00:09:13]} 18. Bd2 {[%emt 00:04:14]} Bc6
{[%emt 00:00:35]} 19. Kf2 {[%emt 00:10:19]} Nd5 {[%emt 00:04:31]} 20. a4 {[%emt
00:04:34]} f6 {[%emt 00:09:35]} 21. Rh7 {[%clk 00:38:03]} {[%emt 00:01:42]} Rg7
22. Rxg7 {[%emt 00:08:11]} Qxg7 {[%clk 00:54:23]} {[%emt 00:00:04]} 23. Qxd4
{[%emt 00:05:02]} Rg8 {[%emt 00:01:32]} 24. Ra3 {[%emt 00:08:02]} Rf8 {[%emt
00:08:00]} 25. Bf3 {[%clk 00:26:47]} {[%emt 00:01:16]} Qe7 {[%clk 00:37:27]}
{[%emt 00:03:14]} 26. Bxd5 {[%emt 00:09:12]} Rd8 {[%emt 00:00:08]} 27. Qb4
{[%emt 00:02:46]} Qxb4 {[%clk 00:32:53]} {[%emt 00:00:21]} 28. Bxe6+ {[%clk
00:25:20]} {[%emt 00:00:09]} 1-0

[Event "S10 a S14"]
[Site "Cambrils"]
[Date "2023.04.04"]
[Round "6.3"]
[White "Uber Gracia, Hugo"]
[Black "Gil Jimenez, Ruben"]
[Result "1/2-1/2"]
[TimeControl "90'+30\""]
[WhiteElo "2104"]
[BlackElo "1831"]

1. e4 {[%clk 01:30:56]} {[%emt 00:00:03]} e6 {[%clk 01:30:57]} {[%emt
00:00:03]} 2. d3 {[%clk 01:31:16]} {[%emt 00:00:10]} d5 {[%clk 01:31:23]}
{[%emt 00:00:04]} 3. Nd2 {[%clk 01:31:30]} {[%emt 00:00:16]} Nc6 {[%clk
01:31:44]} {[%emt 00:00:09]} 4. Ngf3 {[%clk 01:31:50]} {[%emt 00:00:10]} Nf6
{[%clk 01:32:09]} {[%emt 00:00:06]} 5. e5 {[%clk 01:31:41]} {[%emt 00:00:38]}
Nd7 {[%clk 01:32:32]} {[%emt 00:00:06]} 6. d4 {[%clk 01:32:08]} {[%emt
00:00:04]} f6 {[%clk 01:32:53]} {[%emt 00:00:09]} 7. Bb5 {[%clk 01:31:51]}
{[%emt 00:00:46]} Be7 {[%clk 01:12:19]} {[%emt 00:21:04]} 8. O-O {[%clk
01:29:05]} {[%emt 00:03:16]} O-O {[%clk 01:09:30]} {[%emt 00:03:19]} 9. Re1
{[%clk 01:26:01]} {[%emt 00:03:33]} fxe5 {[%clk 01:03:38]} {[%emt 00:06:23]} 10.
dxe5 {[%clk 01:23:38]} {[%emt 00:02:54]} Qe8 {[%clk 00:52:53]} {[%emt
00:11:14]} 11. Nf1 {[%clk 01:15:20]} {[%emt 00:08:48]} a6 {[%clk 00:47:40]}
{[%emt 00:05:43]} 12. Bd3 {[%clk 01:08:01]} {[%emt 00:07:48]} Nb4 {[%clk
00:44:41]} {[%emt 00:03:29]} 13. Be2 {[%clk 01:05:30]} {[%emt 00:03:01]} c5
{[%clk 00:38:31]} {[%emt 00:06:40]} 14. c3 {[%clk 01:01:34]} {[%emt 00:04:26]}
Nc6 {[%clk 00:38:55]} {[%emt 00:00:06]} 15. Bd3 {[%clk 01:01:50]} {[%emt
00:00:13]} Qf7 {[%clk 00:33:00]} {[%emt 00:06:25]} 16. b3 {[%clk 00:50:06]}
{[%emt 00:12:14]} b5 {[%clk 00:24:14]} {[%emt 00:09:16]} 17. Qc2 {[%clk
00:44:15]} {[%emt 00:06:21]} g5 {[%clk 00:09:46]} {[%emt 00:14:58]} 18. Bxg5
{[%clk 00:33:51]} {[%emt 00:10:53]} c4 {[%clk 00:10:02]} {[%emt 00:00:15]} 19.
Be2 {[%clk 00:34:00]} {[%emt 00:00:21]} cxb3 {[%clk 00:05:33]} {[%emt
00:04:59]} 20. axb3 {[%clk 00:33:14]} {[%emt 00:01:16]} Bxg5 {[%clk 00:03:03]}
{[%emt 00:03:00]} 21. Nxg5 {[%clk 00:33:05]} {[%emt 00:00:38]} Qxf2+ {[%clk
00:03:27]} {[%emt 00:00:05]} 22. Kh1 {[%clk 00:33:28]} {[%emt 00:00:07]} Qf5
{[%clk 00:03:03]} {[%emt 00:00:54]} 23. Qxf5 {[%clk 00:28:52]} {[%emt
00:05:06]} Rxf5 {[%clk 00:03:22]} {[%emt 00:00:12]} 24. Nxe6 {[%clk 00:27:49]}
{[%emt 00:01:33]} Rxe5 {[%clk 00:03:37]} {[%emt 00:00:15]} 25. Bf3 {[%clk
00:26:42]} {[%emt 00:01:36]} Nf6 {[%clk 00:03:09]} {[%emt 00:00:58]} 26. Nc7
{[%clk 00:24:11]} {[%emt 00:03:01]} Ra7 {[%clk 00:01:55]} {[%emt 00:01:44]} 27.
Nxd5 {[%clk 00:23:02]} {[%emt 00:01:38]} Nxd5 {[%clk 00:00:51]} {[%emt
00:01:34]} 28. Rxe5 {[%clk 00:22:40]} {[%emt 00:00:52]} Nxe5 {[%clk 00:01:17]}
{[%emt 00:00:05]} 29. Bxd5+ {[%clk 00:23:09]} {[%emt 00:00:01]} Kg7 {[%clk
00:01:09]} {[%emt 00:00:37]} 30. Ne3 {[%clk 00:21:29]} {[%emt 00:02:10]} Rc7
{[%clk 00:01:03]} {[%emt 00:00:36]} 31. c4 {[%clk 00:21:17]} {[%emt 00:00:42]}
Re7 {[%clk 00:00:36]} {[%emt 00:00:56]} 32. Kg1 {[%clk 00:19:55]} {[%emt
00:01:52]} Nd3 {[%clk 00:00:49]} {[%emt 00:00:18]} 33. Nc2 {[%clk 00:19:12]}
{[%emt 00:01:12]} Re2 {[%clk 00:00:46]} {[%emt 00:00:33]} 34. Nd4 {[%clk
00:17:05]} {[%emt 00:02:38]} Re5 {[%clk 00:00:54]} {[%emt 00:00:22]} 35. Rf1
{[%clk 00:15:33]} {[%emt 00:02:01]} Nb4 {[%clk 00:00:33]} {[%emt 00:00:51]} 36.
Bf3 {[%clk 00:11:11]} {[%emt 00:04:52]} bxc4 {[%clk 00:00:48]} {[%emt
00:00:16]} 37. bxc4 {[%clk 00:11:26]} {[%emt 00:00:15]} Rc5 {[%clk 00:01:15]}
{[%emt 00:00:03]} 38. Rc1 {[%clk 00:09:38]} {[%emt 00:02:18]} Nd3 {[%clk
00:00:34]} {[%emt 00:01:09]} 39. Rc3 {[%clk 00:09:08]} {[%emt 00:01:00]} Nb4
{[%clk 00:00:32]} {[%emt 00:00:33]} 40. Nb3 {[%clk 00:08:04]} {[%emt 00:01:34]}
Rc7 {[%clk 00:00:58]} {[%emt 00:00:04]} 41. c5 {[%clk 00:07:31]} {[%emt
00:01:03]} Na2 {[%clk 00:00:36]} {[%emt 00:00:52]} 42. Rc2 {[%clk 00:06:23]}
{[%emt 00:01:38]} Nb4 {[%clk 00:00:36]} {[%emt 00:00:31]} 43. Rc4 {[%clk
00:06:45]} {[%emt 00:00:07]} Nd3 {[%clk 00:00:32]} {[%emt 00:00:34]} 44. Rc3
{[%clk 00:06:33]} {[%emt 00:00:42]} Nb4 {[%clk 00:00:43]} {[%emt 00:00:19]} 45.
c6 {[%clk 00:05:16]} {[%emt 00:01:47]} Be6 {[%clk 00:00:37]} {[%emt 00:00:36]}
46. Nd4 {[%clk 00:04:22]} {[%emt 00:01:25]} Bf7 {[%clk 00:00:32]} {[%emt
00:00:35]} 47. Re3 {[%clk 00:02:40]} {[%emt 00:02:11]} Kf6 {[%clk 00:00:33]}
{[%emt 00:00:29]} 48. g4 {[%clk 00:02:19]} {[%emt 00:00:51]} Bd5 {[%clk
00:00:32]} {[%emt 00:00:31]} 49. Bxd5 {[%clk 00:01:45]} {[%emt 00:01:05]} Nxd5
{[%clk 00:01:00]} 50. Re6+ {[%clk 00:01:52]} {[%emt 00:00:23]} Kf7 {[%clk
00:01:05]} {[%emt 00:00:26]} 51. Rd6 {[%clk 00:01:28]} {[%emt 00:00:53]} Nb4
{[%clk 00:00:56]} {[%emt 00:00:39]} 52. Rh6 {[%clk 00:01:21]} {[%emt 00:00:36]}
Kg8 {[%clk 00:01:04]} {[%emt 00:00:24]} 53. Rd6 {[%clk 00:00:41]} {[%emt
00:01:09]} Kf7 {[%clk 00:01:17]} {[%emt 00:00:17]} 54. g5 {[%clk 00:00:45]}
{[%emt 00:00:27]} a5 {[%clk 00:01:13]} {[%emt 00:00:34]} 55. Rf6+ {[%clk
00:00:39]} {[%emt 00:00:35]} Kg8 {[%clk 00:01:10]} {[%emt 00:00:33]} 56. Ne6
{[%clk 00:00:49]} {[%emt 00:00:20]} Rc8 {[%clk 00:01:28]} {[%emt 00:00:12]} 57.
c7 {[%clk 00:01:02]} {[%emt 00:00:18]} Nd5 {[%clk 00:00:35]} {[%emt 00:01:23]}
58. Rf5 {[%clk 00:01:01]} {[%emt 00:00:32]} Ne7 {[%clk 00:00:36]} {[%emt
00:00:29]} 59. Rxa5 {[%clk 00:00:56]} {[%emt 00:00:35]} Kf7 {[%clk 00:00:59]}
{[%emt 00:00:06]} 60. Re5 {[%clk 00:00:40]} {[%emt 00:00:45]} Nc6 {[%clk
00:00:42]} {[%emt 00:00:48]} 61. Re1 {[%clk 00:00:39]} {[%emt 00:00:30]} Ne7
{[%clk 00:00:46]} {[%emt 00:00:28]} 62. Kg2 {[%clk 00:00:40]} {[%emt 00:00:29]}
Nd5 {[%clk 00:00:52]} {[%emt 00:00:24]} 63. Nd8+ {[%clk 00:00:38]} {[%emt
00:00:32]} Kg6 {[%clk 00:00:31]} {[%emt 00:00:51]} 64. Ne6 {[%clk 00:00:37]}
{[%emt 00:00:30]} Kf7 {[%clk 00:00:52]} {[%emt 00:00:09]} 65. Nd8+ {[%clk
00:00:49]} {[%emt 00:00:18]} Kg6 {[%clk 00:00:52]} {[%emt 00:00:30]} 66. h4
{[%clk 00:00:34]} {[%emt 00:00:46]} Nxc7 {[%clk 00:01:03]} {[%emt 00:00:19]} 67.
Nc6 {[%clk 00:00:47]} {[%emt 00:00:16]} Re8 {[%clk 00:00:42]} {[%emt 00:00:52]}
68. Rxe8 {[%clk 00:00:50]} {[%emt 00:00:27]} Nxe8 {[%clk 00:01:10]} {[%emt
00:00:01]} 69. Kg3 {[%clk 00:01:11]} {[%emt 00:00:09]} h6 {[%clk 00:00:33]}
{[%emt 00:01:08]} 70. Ne5+ {[%clk 00:00:41]} {[%emt 00:00:59]} Kg7 {[%clk
00:00:45]} {[%emt 00:00:18]} 71. Kg4 {[%clk 00:00:34]} {[%emt 00:00:37]} hxg5
{[%emt 00:00:22]} 72. Kxg5 {[%clk 00:00:42]} {[%emt 00:00:21]} Nf6 {[%clk
00:00:48]} {[%emt 00:00:35]} 73. Kf5 {[%clk 00:00:53]} {[%emt 00:00:20]} Nd5
{[%clk 00:00:50]} {[%emt 00:00:29]} 74. Ng4 {[%clk 00:00:53]} {[%emt 00:00:29]}
Ne7+ {[%clk 00:00:47]} {[%emt 00:00:33]} 75. Kg5 {[%clk 00:01:09]} {[%emt
00:00:14]} Ng8 {[%clk 00:00:46]} {[%emt 00:00:32]} 76. h5 {[%clk 00:01:30]}
{[%emt 00:00:09]} Kh7 {[%clk 00:00:46]} {[%emt 00:00:30]} 77. Ne3 {[%clk
00:01:44]} {[%emt 00:00:16]} Ne7 {[%clk 00:00:34]} {[%emt 00:00:42]} 78. Nc4
{[%clk 00:01:25]} {[%emt 00:00:49]} Ng8 {[%clk 00:00:38]} {[%emt 00:00:27]} 79.
Nd6 {[%clk 00:01:14]} {[%emt 00:00:41]} Nf6 {[%clk 00:00:37]} {[%emt 00:00:31]}
80. Kxf6 {[%clk 00:01:20]} {[%emt 00:00:24]} 1/2-1/2

[Event "S10 a S14"]
[Site "Cambrils"]
[Date "2023.04.04"]
[Round "6.4"]
[White "Tallada Serret, Gerard"]
[Black "Alonso Gimenez, Mauro"]
[Result "1-0"]
[TimeControl "90'+30\""]
[BlackFideId "54539412"]
[WhiteElo "1798"]
[BlackElo "1925"]

1. e4 {[%clk 01:30:56]} {[%emt 00:00:03]} e5 {[%clk 01:30:54]} {[%emt
00:00:06]} 2. Nf3 {[%clk 01:31:19]} {[%emt 00:00:06]} Nc6 {[%clk 01:31:21]}
{[%emt 00:00:04]} 3. Bc4 {[%clk 01:31:43]} {[%emt 00:00:06]} Nf6 {[%clk
01:31:45]} {[%emt 00:00:05]} 4. d4 {[%clk 01:32:06]} {[%emt 00:00:08]} exd4
{[%clk 01:32:01]} {[%emt 00:00:14]} 5. O-O {[%clk 01:32:29]} {[%emt 00:00:06]}
Nxe4 {[%clk 01:32:22]} {[%emt 00:00:09]} 6. Nc3 {[%clk 01:32:10]} {[%emt
00:00:49]} Nxc3 {[%clk 01:30:27]} {[%emt 00:02:25]} 7. bxc3 {[%clk 01:32:34]}
{[%emt 00:00:06]} d5 {[%clk 01:30:53]} {[%emt 00:00:04]} 8. Bb5 {[%clk
01:32:59]} {[%emt 00:00:04]} Be7 {[%clk 01:26:17]} {[%emt 00:05:04]} 9. cxd4
{[%clk 01:30:36]} {[%emt 00:02:56]} O-O {[%clk 01:26:13]} {[%emt 00:00:33]} 10.
c3 {[%clk 01:28:31]} {[%emt 00:02:36]} Bg4 {[%clk 01:24:38]} {[%emt 00:02:01]}
11. Bf4 {[%clk 01:03:49]} {[%emt 00:25:14]} Bd6 {[%clk 01:22:11]} {[%emt
00:02:56]} 12. Bg3 {[%clk 01:03:12]} {[%emt 00:01:08]} Qf6 {[%clk 01:21:39]}
{[%emt 00:00:57]} 13. Bd3 {[%clk 01:00:44]} {[%emt 00:03:03]} h6 {[%clk
01:12:04]} {[%emt 00:10:04]} 14. Bc2 {[%clk 00:54:08]} {[%emt 00:07:07]} Ne7
{[%clk 01:04:23]} {[%emt 00:08:08]} 15. Qd3 {[%clk 00:50:16]} {[%emt 00:04:25]}
Bf5 {[%clk 01:03:37]} {[%emt 00:01:16]} 16. Qd2 {[%clk 00:48:04]} {[%emt
00:02:42]} Bxc2 {[%clk 00:57:25]} {[%emt 00:06:43]} 17. Qxc2 {[%clk 00:48:27]}
{[%emt 00:00:07]} Bxg3 {[%clk 00:57:39]} {[%emt 00:00:16]} 18. hxg3 {[%clk
00:48:51]} {[%emt 00:00:06]} c5 {[%clk 00:55:32]} {[%emt 00:02:36]} 19. Rfe1
{[%clk 00:44:23]} {[%emt 00:04:58]} cxd4 {[%clk 00:54:19]} {[%emt 00:01:43]} 20.
cxd4 {[%clk 00:44:42]} {[%emt 00:00:11]} Nc6 {[%clk 00:54:44]} {[%emt
00:00:05]} 21. Rad1 {[%clk 00:44:17]} {[%emt 00:00:49]} Rae8 {[%clk 00:44:01]}
{[%emt 00:11:18]} 22. Qb2 {[%clk 00:39:12]} {[%emt 00:05:37]} b6 {[%clk
00:19:01]} {[%emt 00:25:30]} 23. Qc3 {[%clk 00:27:04]} {[%emt 00:12:36]} a5
{[%clk 00:12:37]} {[%emt 00:06:56]} 24. Rxe8 {[%clk 00:26:05]} {[%emt
00:01:29]} Rxe8 {[%clk 00:13:01]} {[%emt 00:00:06]} 25. Qb3 {[%clk 00:26:31]}
{[%emt 00:00:04]} Re2 {[%clk 00:07:44]} {[%emt 00:05:43]} 26. Qxd5 {[%clk
00:23:25]} {[%emt 00:03:34]} Nb4 {[%clk 00:07:23]} {[%emt 00:00:57]} 27. Qa8+
{[%clk 00:23:04]} {[%emt 00:00:50]} Kh7 {[%clk 00:07:49]} {[%emt 00:00:05]} 28.
a3 {[%clk 00:23:05]} {[%emt 00:00:29]} Nc6 {[%clk 00:06:54]} {[%emt 00:01:24]}
29. d5 {[%clk 00:18:52]} {[%emt 00:04:44]} Ne5 {[%clk 00:06:59]} {[%emt
00:00:24]} 30. d6 {[%clk 00:18:57]} {[%emt 00:00:25]} Nd7 {[%clk 00:06:47]}
{[%emt 00:00:40]} 31. Qc6 {[%clk 00:13:08]} {[%emt 00:06:20]} Ne5 {[%clk
00:06:46]} {[%emt 00:00:31]} 32. Qd5 {[%clk 00:10:59]} {[%emt 00:02:40]} Nd7
{[%clk 00:06:17]} {[%emt 00:00:58]} 33. Qd3+ {[%clk 00:11:24]} {[%emt
00:00:05]} Qg6 {[%clk 00:05:46]} {[%emt 00:01:02]} 34. Qxe2 {[%clk 00:11:48]}
{[%emt 00:00:05]} h5 {[%clk 00:05:47]} {[%emt 00:00:30]} 35. Qd3 {[%clk
00:12:08]} {[%emt 00:00:10]} f5 {[%clk 00:06:07]} {[%emt 00:00:09]} 36. Nh4
{[%clk 00:12:33]} {[%emt 00:00:05]} Qe8 {[%clk 00:06:16]} {[%emt 00:00:21]} 37.
Qxf5+ {[%clk 00:12:58]} {[%emt 00:00:06]} Kg8 {[%clk 00:06:41]} {[%emt
00:00:05]} 38. Qc2 {[%clk 00:12:30]} {[%emt 00:00:58]} Nf6 {[%clk 00:06:54]}
{[%emt 00:00:17]} 39. d7 {[%clk 00:12:39]} {[%emt 00:00:21]} Nxd7 {[%clk
00:07:18]} {[%emt 00:00:06]} 40. Qc6 {[%clk 00:13:04]} {[%emt 00:00:05]} Nf6
{[%clk 00:07:31]} {[%emt 00:00:16]} 41. Qxe8+ {[%clk 00:13:27]} {[%emt
00:00:07]} Nxe8 {[%clk 00:07:57]} {[%emt 00:00:04]} 42. Rd7 {[%clk 00:13:49]}
{[%emt 00:00:08]} Nf6 {[%clk 00:08:19]} {[%emt 00:00:08]} 43. Rb7 {[%clk
00:14:15]} {[%emt 00:00:04]} Nd5 {[%clk 00:08:43]} {[%emt 00:00:07]} 44. Nf5
{[%clk 00:14:42]} {[%emt 00:00:03]} Kf8 {[%clk 00:08:55]} {[%emt 00:00:18]} 45.
Nxg7 {[%clk 00:15:02]} {[%emt 00:00:09]} a4 {[%clk 00:09:20]} {[%emt 00:00:05]}
46. Nxh5 {[%clk 00:15:27]} {[%emt 00:00:06]} Nc3 {[%clk 00:09:26]} {[%emt
00:00:25]} 47. Nf6 {[%clk 00:15:11]} {[%emt 00:00:14]} b5 {[%clk 00:09:51]}
{[%emt 00:00:06]} 48. g4 {[%clk 00:15:02]} {[%emt 00:01:09]} Ne2+ {[%clk
00:10:12]} {[%emt 00:00:09]} 49. Kf1 {[%clk 00:15:20]} {[%emt 00:00:11]} Nd4
{[%clk 00:10:40]} {[%emt 00:00:02]} 50. g5 {[%clk 00:15:30]} {[%emt 00:00:19]}
Ne6 {[%clk 00:11:02]} {[%emt 00:00:09]} 51. f4 {[%clk 00:15:40]} {[%emt
00:00:20]} Nxf4 {[%clk 00:11:26]} {[%emt 00:00:06]} 52. g3 {[%clk 00:16:00]}
{[%emt 00:00:10]} Ne6 {[%clk 00:11:52]} {[%emt 00:00:04]} 53. g6 {[%clk
00:16:23]} {[%emt 00:00:07]} Ng7 {[%clk 00:11:54]} {[%emt 00:00:28]} 54. Nh7+
{[%clk 00:16:44]} {[%emt 00:00:09]} Kg8 {[%clk 00:12:20]} {[%emt 00:00:04]} 55.
Rb8+ {[%clk 00:17:06]} {[%emt 00:00:08]} Ne8 {[%clk 00:12:46]} {[%emt
00:00:04]} 56. Rxe8+ {[%clk 00:17:20]} {[%emt 00:00:17]} Kg7 {[%clk 00:13:13]}
{[%emt 00:00:03]} 57. Re5 {[%clk 00:17:40]} {[%emt 00:00:09]} Kxg6 {[%clk
00:13:32]} {[%emt 00:00:11]} 58. Rxb5 {[%clk 00:18:00]} {[%emt 00:00:10]} Kg7
{[%clk 00:13:58]} {[%emt 00:00:04]} 59. Rb4 {[%clk 00:18:20]} {[%emt 00:00:11]}
Kg6 {[%clk 00:14:22]} {[%emt 00:00:06]} 60. Rxa4 {[%clk 00:18:46]} {[%emt
00:00:03]} Kg7 {[%clk 00:14:44]} {[%emt 00:00:08]} 61. Rb4 {[%clk 00:19:13]}
{[%emt 00:00:04]} Kf7 {[%clk 00:15:10]} {[%emt 00:00:04]} 62. a4 {[%clk
00:19:33]} {[%emt 00:00:10]} Ke7 {[%clk 00:15:36]} {[%emt 00:00:03]} 63. a5
{[%clk 00:19:53]} {[%emt 00:00:10]} 1-0